| 000 | 01049nam a22001817a 4500 | ||
|---|---|---|---|
| 005 | 20260329111532.0 | ||
| 008 | 260329b |||||||| |||| 00| 0 eng d | ||
| 020 |
_a9780745633824 _qhbk |
||
| 041 | _aeng | ||
| 082 |
_a303.625 _bPED |
||
| 100 | _aPedahzur, Ami | ||
| 245 |
_aSuicide Terrorism _c/Ami Pedahzur |
||
| 260 |
_bPolity Pr _c2005 |
||
| 300 |
_a261p,; _c18 cm. |
||
| 504 | _aindex | ||
| 520 | _aSuicide terrorism in its modern form made its first appearance in Lebanon in the early 1980s. Over the last quarter century, terrorist attacks perpetrated by suicide bombers have spread to many corners of the world and have become a major threat for both the governments and citizens of numerous countries. Can this devastating phenomenon be attributed to a specific religion or culture? What are the causes and motivations that lead ordinary people to embark upon suicide attacks? How are potential bombers trained for their mission? And is it possible for democratic governments to effectively cope with this challenge? | ||
| 942 | _cENGLISH | ||
| 999 |
_c618101 _d618101 |
||